Κι απο Δευτέρα δίαιτα

Αποθηκεύτηκε σε:
Λεπτομέρειες βιβλιογραφικής εγγραφής
Κύριος συγγραφέας: Σαντοριναίου, Βίκυ
Άλλοι συγγραφείς: Χαρτά, Τζένη
Μορφή: Βιβλίο
Γλώσσα:Greek
Δημοσίευση: Αθήνα : Λιβάνης, 2003
Σειρά:Ελληνική λογοτεχνία (Νέα Σύνορα)
Θέματα:
Ετικέτες: Προσθήκη ετικέτας
Δεν υπάρχουν, Καταχωρήστε ετικέτα πρώτοι!

MARC

LEADER 00000nam a2200000 i 4500
001 1/80473
008 050711s2003 gre d
020 |a 960-14-0774-X 
035 |l 10079032 
040 |a GR-MY-UA  |b gre  |e aacr 
041 0 |a gre 
082 0 |a 889.334  |2 (22) 
100 1 |a Σαντοριναίου, Βίκυ. 
245 1 0 |a Κι απο Δευτέρα δίαιτα /  |c Βίκυ Σαντοριναίου, Τζένη Χαρτά 
260 |a Αθήνα :   |b Λιβάνης,   |c 2003 
300 |a 299 σ.;  |c 21 εκ. 
490 1 |a Ελληνική λογοτεχνία (Εκδόσεις Νέα Σύνορα) 
650 0 0 |a Greek fiction. 
650 0 0 |a Greek fiction, Modern  |y 20th century. 
700 1 |a Χαρτά, Τζένη. 
830 0 |a Ελληνική λογοτεχνία (Νέα Σύνορα) 
852 |a INST  |b CHIOS  |e 20050711  |h 889.334 ΣΑΝ  |p 005200022136  |q 005200022136  |t BK  |y 0 
901 |a BIBL2-2005-2 
909 |a Χ  |b 112752 
922 |a 2ΕΛΗ  |b 200502  |c ΚΕΝΤΡΙΚΗ ΒΙΒΛΙΟΘΗΚΗ  |d ΠΥΞΙΔΑ 
970 |a ΧΑΖΙΡΗ  |b ΑΝΝΑ  |z 2005/07/11